Statystyki dla Najpopularniejsze polskie imiona żeńskie

Kliknij tutaj aby rozwiązać quiz!

Ogólne statystyki

  • Ten quiz został rozwiązany 14,440 razy
    (5,072 od ostatniego zresetowania)
  • Średni wynik to 50 z 100

Statystyki odpowiedzi

Pozycja Liczba Imię % Correct
11063017Anna
93%
13382494Aleksandra
88%
3609363Katarzyna
86%
21278918Julia
84%
2625353Maria
82%
36192557Wiktoria
81%
17292987Natalia
80%
47148873Weronika
79%
6504920Barbara
77%
18288558Karolina
77%
10433736Magdalena
76%
34196520Zuzanna
75%
31222565Paulina
75%
5552814Agnieszka
74%
4586619Małgorzata
74%
14380271Monika
74%
42168139Patrycja
72%
7488429Ewa
71%
11407745Joanna
71%
19287554Marta
70%
50138886Oliwia
69%
12387853Zofia
68%
56120303Dominika
66%
52137519Martyna
65%
27241223Alicja
64%
29238673Grażyna
62%
9438050Elżbieta
62%
53137324Klaudia
61%
40180883Agata
61%
60108628Kamila
59%
41173447Hanna
59%
57117881Kinga
58%
35193087Urszula
58%
25263899Halina
58%
20283239Beata
58%
7169207Daria
57%
48148248Ewelina
57%
32217181Justyna
57%
39183418Sylwia
56%
43158669Izabela
56%
44153055Maja
56%
8451241Krystyna
56%
63106956Amelia
55%
46149354Emilia
54%
22271835Dorota
53%
30235771Iwona
52%
16320605Danuta
52%
55125979Gabriela
51%
37191515Renata
50%
61108152Lena
47%
15364266Teresa
47%
7071783Nikola
47%
9345023Łucja
47%
24266077Jadwiga
46%
28243913Jolanta
46%
33207126Bożena
46%
23268240Janina
45%
38187446Helena
45%
8053656Olga
45%
45152280Aneta
45%
26243010Irena
45%
8153231Sandra
44%
51138058Stanisława
44%
9735258Jagoda
41%
9146003Michalina
40%
7368240Milena
40%
54130690Marzena
39%
58115051Edyta
39%
59113937Wiesława
39%
7564837Angelika
39%
9541790Kornelia
39%
8252079Antonina
37%
9442484Nadia
37%
9833915Iga
37%
8749269Laura
37%
9047258Czesława
35%
8351322Ilona
35%
6973098Wioletta
35%
6684142Lidia
34%
6783473Mariola
33%
7465298Genowefa
33%
49144414Marianna
32%
6874705Mirosława
32%
6485383Lucyna
31%
62106968Wanda
30%
6585098Alina
29%
9245124Anita
29%
7658821Bogumiła
29%
10033800Nina
29%
8948192Marlena
28%
8649545Bogusława
27%
8450423Sabina
27%
8848463Władysława
24%
9641249Aniela
24%
7854968Stefania
21%
7954884Henryka
20%
7268307Kazimiera
20%
7756041Józefa
18%
9834581Wioleta
17%
8549703Regina
16%

Rozkład punktacji

Percentyl według liczby udzielonych odpowiedzi

Procent ludzi z każdym wynikiem

Twoja historia wyników

Nie rozwiązałeś tego quizu od ostatniego zresetowania